| 000 | 00684cam a2200169 a 4500 | ||
|---|---|---|---|
| 001 | 000015782 | ||
| 005 | 20200929164142.0 | ||
| 008 | 901025s1983 cl a f 001 0 spa | ||
| 040 |
_aDO-SdBNP _bspa _cBNPHU |
||
| 082 |
_axx _bG943 |
||
| 245 | 0 | 0 |
_aGuía de bibliotecas de la Universidad de Chile / _cproyectó la edición ; Felipe Infante B. |
| 260 |
_aSantiago de Chile : _bUniversidad de Chile, Dirección General Académica, Departamento de Extensión, _c1983. |
||
| 300 |
_a109 p. : _bil. ; _c18 cm. |
||
| 610 | 2 | 0 |
_aUniversidad de Chile _xLibraries _vGuidebooks. _935523 |
| 700 | 1 |
_aInfante B., Felipe. _eed. _935524 |
|
| 710 | 2 |
_aUniversidad de Chile. _bDepartamento de Extension. _935525 |
|
| 999 |
_c15329 _d15329 |
||